000 00622nam a2200205Ii 4500
003 JO-AjNU
008 230605s9999||||xx |||||||||||||| ||und||
040 _aJO-AjNU
_bara
_erda
_cJO-AjNU
041 _aara
050 1 4 _aPJ7696.K5.A17
100 3 _aتأليف الخنساء,
_eauthor
_99596
245 0 0 _aديوان الخنساء
250 _aط5
264 3 1 _aمكتبة الفرزدق
300 _a150ص
336 _atext
_btxt
_2rdacontent
337 _aunmediated
_bn
_2rdamedia
338 _avolume
_bnc
_2rdacarrier
650 4 _a الشعر العربي - عصر صدر الإسلام - الخنساء
_99597
999 _aA1381
_c4949
_d4949